000 00239nam a2200109Ia 4500
008 190216s9999||||xx |||||||||||||| ||und||
100 _aV K N
245 0 _aArohanam
260 _bMangalodhayam Publications
650 _aNovel
942 _cBK
999 _c30248
_d30248